000 00432nam a2200181Ia 4500
001 3115
005 20260306144857.0
008 260306t2018||||xx |||||||||||||| ||spa||
041 _aESP
082 _a256.72
_bS52
100 _aSierra López, Juan Manuel
_eAUT
245 0 _aLos prefacios y las secuencias
260 _c2018
300 _a405 páginas :
_c20 cm.
650 _aGEN
654 _aCHU
942 _cLIB
_dJUS
_fJUS
_2ddc
_n
999 _c3115
_d3115